000 00640nam a22002177a 4500
999 _c3922
_d3922
003 OSt
005 20241120100738.0
008 241120b ||||| |||| 00| 0 eng d
020 _a9780198399179
040 _cKH8
082 _a530 POP
100 _aPople, Stephen,
_eauthor.
245 _aComplete Physics for Cambridge IGCSE /
_cStephen Pople.
260 _aUK ;
_bOxford University Press ,
_c2014.
300 _a336 pages :
_bcolor illustrations ;
_c28 cm.
500 _aIncludes index
650 _aPhysics Examinations Study guides
650 _aPhysics Problem
_vexercises
650 _aProblems and exercises
942 _2ddc
_cNFIC